000 00467ntaaa2200193 4500
003 01
005 20251027201253.0
008 0714s1973 ag 01
040 _aAR-BaBN
_bspa
_cAR-BaBN
_eaacr
_dRIC
082 _a220.9500 Ab8
100 _aAbrahams, I.
_910868
245 _aLegacy of Israel
250 _a1 ed.
260 _aLondon :
_bOxford,
_c1927
300 _axxxix, 551 p.
500 _aEnsayos por varios autores.
650 _aJudaĆ­smo
_94672
942 _cBK
999 _c7081
_d7081